| 000 -LEADER |
| fixed length control field |
00831nam a22002057a 4500 |
| 005 - DATE AND TIME OF LATEST TRANSACTION |
| control field |
20250730121056.0 |
| 008 - FIXED-LENGTH DATA ELEMENTS--GENERAL INFORMATION |
| fixed length control field |
250730s2022 en ||||| |||| 00| 0 eng d |
| 020 ## - INTERNATIONAL STANDARD BOOK NUMBER |
| International Standard Book Number |
9780323919678 X |
| 041 ## - LANGUAGE CODE |
| Language code of text/sound track or separate title |
eng |
| 080 ## - UNIVERSAL DECIMAL CLASSIFICATION NUMBER |
| Universal Decimal Classification number |
616.31 S-78 |
| 245 ## - TITLE STATEMENT |
| Title |
Special care dentistry / |
| Statement of responsibility, etc. |
Editor : M. Munz, Stephanie |
| 264 ## - PRODUCTION, PUBLICATION, DISTRIBUTION, MANUFACTURE, AND COPYRIGHT NOTICE |
| Place of production, publication, distribution, manufacture |
Philadelphia : |
| Name of producer, publisher, distributor, manufacturer |
Elsevier, |
| Date of production, publication, distribution, manufacture, or copyright notice |
2022. |
| 300 ## - PHYSICAL DESCRIPTION |
| Extent |
xii, pages 170-305 pages, |
| Other physical details |
color illustrations ; |
| Dimensions |
24 cm. |
| 440 ## - SERIES STATEMENT/ADDED ENTRY--TITLE |
| Title |
Dental clinics of North America, v. 66, no. 2, volume 66, number 2 |
| 9 (RLIN) |
25703 |
| 653 ## - INDEX TERM--UNCONTROLLED |
| keyword |
Dental Care, Dental care, People with disabilities Dental care, Personnes handicapées Soins dentaires, Soins dentaires |
| 653 ## - INDEX TERM--UNCONTROLLED |
| keyword |
სტომატოლოგია |
| 653 ## - INDEX TERM--UNCONTROLLED |
| keyword |
მედიცინა |
| 700 ## - ADDED ENTRY--PERSONAL NAME |
| Personal name |
Stephanie, M. Munz |
| Relator term |
რედაქტორი |
| 9 (RLIN) |
25704 |
| 942 ## - ADDED ENTRY ELEMENTS (KOHA) |
| Source of classification or shelving scheme |
|
| Koha item type |
წიგნი |